000 01131nam0a22003011 4500
001 RU\NLR\A1SV\30890
005 20251203171251.9
035 _a(NLR Aleph) 009714790
090 _a9850328
_c9850328
100 _a20110722d1926 u y0rusy50 ca
101 0 _arus
_dfre
102 _aRU
200 1 _aМатериалы по геологическому изучению Тамбуканского озера
_fН.Н.Славянов
_gГеол. ком.
210 _aЛ.
_cГеол. ком.
_d1926
215 _a34 с., 2 л. черт.
_cкарт., диагр.
_d26 см
225 _aМатериалы по общей и прикл. геологии
_vВып.41
300 _aАвт., загл. и сер. на рус. и фр. яз.; резюме на фр. яз.
320 _aБиблиогр. в тексте
620 _dСанкт-Петербург
700 1 _aСлавянов
_bН.Н.
_f1878-1958
_gНиколай Николаевич
801 0 _aRU
_bNLR
_c20110722
852 _aNLR
_j37.76.8.8-41
852 _aNLR
_j132/1012-41
899 _aРГБ
942 _cBOOK
980 _aNB
980 _aA1SV